02750nam a2200289 u 4500001000800000005001700008007001000025008004100035035001200076040001300088041000800101080000700109100005500116245009900171260003500270300001300305520156700318650003501885650004401920650004201964650002502006700005502031942001002086999001902096500017802115952016702293131687320260508075523.0co|||||||130222s2013 spa  a1316873 ccomduadb aspa aHB10aArias Castaño, Andrea Carolina4auteaut967764310aCaracterísticas de la mortalidad materna y gasto público social en Medellín, 2005 a 2009 aMedellín :bAutor(a),c2013. a1 CD-ROM3 aLa investigación analizó la mortalidad materna y el gasto público en salud para la ciudad de Medellín, entre los años 2005 a 2009. Se realizó un estudio descriptivo retrospectivo y se aplicó un modelo de regresión lineal; para el análisis de la información se tomaron las bases de datos de la Secretaría de Salud y se recolectó de los datos de variables, tales como la edad, la afiliación al Sistema General de Seguridad Social en Salud, la causa directa de muerte, entre otras; para determinar la relación entre el gasto público y la mortalidad materna se aplicó el software The Project for Statistical Computing. Se encontraron 61 casos de defunciones durante el período, las cuales revelaron que las edades más prevalentes fueron aquellas entre los 35 a 39 años con un 27.9%; el 32.8% estaban afiliadas al régimen contributivo, un 19.7% estaban en un nivel de educación de básica primaria, y en la variable Lugar de residencia las comunas más representativas fueron la número 1. Popular y la número 3. Manrique. Se determinó que entre comunas no existen diferencias reveladoras en cuanto al efecto de la inversión sobre el cambio en las cifras de mortalidad materna. Analizar las cifras de inversión y las características de las defunciones maternas en Medellín durante los años 2005 a 2009, buscó brindar un conocimiento en el campo de la salud pública; todo esto a favor de la toma de decisiones y grupos de maternas a través de la promoción de la salud y la prevención la enfermedad. 7aMortalidad materna2lemb94658 aMortalidad materna - Medellín9180220 aGastos públicos - Medellín992447 aGasto social911250710aGiraldo Gaviria, Libardo Antonio4thseths9280771 cTESIS c641484d641484 aTesis (Administrador de Salud con Énfasis en Gestión de Servicios de Salud). Universidad de Antioquia. Facultad Nacional de Salud Pública - Título del grado otorgado 001040708DIGITALaBSPbBSPd2013-02-22eMaterial adquirido por donacióniC1167865l0oHB1322 A7-13 CD-ROMp90330r2023-05-02 00:00:00t1w2023-05-02yDIGITAL